00361nam a2200145Ia 4500008004100000020001500041041001200056082001100068100001400079245006100093250000800154260003300162300000800195650001200203221030s9999 xx 000 0 und d a8126516810 aEnglish a105.23 aS. M. Sze 0aSemiconductor Devices Physics & Technologycby S. M. Sze a2nd bWilley Pub.aNew Delhic2010 a564 aPhysics